Leyendas / (Record no. 129714)

MARC details
000 -LEADER
campo de control de longitud fija 02679nam a2200373 i 4500
001 - NÚMERO DE CONTROL
campo de control 129714
003 - IDENTIFICADOR DE NÚMERO DE CONTROL
campo de control ES-MaACL
005 - FECHA Y HORA DE LA ÚLTIMA TRANSACCIÓN
campo de control 20251012203308.0
007 - CAMPO FIJO DE DESCRIPCIÓN FÍSICA--INFORMACIÓN GENERAL
campo de control de longitud fija t|
008 - DATOS DE LONGITUD FIJA--INFORMACIÓN GENERAL
campo de control de longitud fija 070703s1901 sp a |||| | spa d
080 ## - NÚMERO DE LA CLASIFICACIÓN DECIMAL UNIVERSAL
Número de la Clasificación Decimal Universal 821.134.2-34"18"
100 1# - ENTRADA PRINCIPAL--NOMBRE DE PERSONA
Nombre de persona Zorrilla, José,
Fechas asociadas al nombre 1817-1893
9 (RLIN) 118354
245 10 - MENCIÓN DEL TÍTULO
Título Leyendas /
Mención de responsabilidad, etc. de D. José Zorrilla ; [esta obra se publica bajo la dirección artística de Don José Ramón Mélida... ilustrada por... artistas españoles... ; con un prólogo de D. Jacinto Octavio Picón...].
260 ## - PUBLICACIÓN, DISTRIBUCIÓN, ETC.
Lugar de publicación, distribución, etc. Madrid :
Nombre del editor, distribuidor, etc. Manuel Pedro Delgado,
Fecha de publicación, distribución, etc. 1901 (
Fabricante Est. Tipolit. "Sucesores de Rivadeneyra")
300 ## - DESCRIPCIÓN FÍSICA
Extensión 2 v. (LXIV, 237 p. ; 251 p., [1] h. pleg.) :
Otras características físicas il. col. y n. ;
Dimensiones 41 cm.
505 8# - NOTA DE CONTENIDO CON FORMATO
Nota de contenido con formato Contiene: I. El capitán Montoya / ilustraciones de José Jiménez Aranda; portada alegórica y composiciones decorativas de Arturo Mélida ; Honra y vida que se pierden no se cobran más se vengan / il. de Enrique Simonet; port. alegórica y composiciones dec. de Arturo Mélida ; Príncipe y rey: romance histórico / il. de Marcelino de Unceta; port. alegórica y composiciones dec. de Arturo Mélida -- II. El escultor y el duque / il. de Daniel Urrabieta Vierge; port. alegórica y composiciones dec. de Arturo Mélida ; Para verdades, el tiempo, y para justicias, Dios: tradición / il. de Emilio Sala; port. alegórica y composiciones dec. de Arturo Mélida ; Las dos rosas / il. de Cecilio Pla; port. alegórica y composiciones dec. de Arturo Mélida ; A buen juez, mejor testigo: tradición de Toledo / il. de Alejandro Ferrant; port. alegórica y composiciones dec. de Arturo Mélida ; La sorpresa de Zahara: romance de 1841 / il. de Joaquín Sorolla; port. alegórica y composiciones dec. de Arturo Mélida
530 ## - NOTA DISPONIBLE DE FORMULARIO FÍSICO ADICIONAL
Nota de formato físico adicional disponible Disponible en formato digital.
599 ## - NOTA A LAS ILUSTRACIONES
NOTA A LAS ILUSTRACIONES Retr. de José Zorrilla.
700 1# - ENTRADA AGREGADA--NOMBRE PERSONAL
Nombre de persona Mélida y Alinari, José Ramón,
Fechas asociadas al nombre 1856-1933
9 (RLIN) 79969
700 1# - ENTRADA AGREGADA--NOMBRE PERSONAL
Nombre de persona Picón, Jacinto Octavio,
Fechas asociadas al nombre 1852-1923
9 (RLIN) 91875
700 1# - ENTRADA AGREGADA--NOMBRE PERSONAL
Nombre de persona Jiménez Aranda, José,
Fechas asociadas al nombre 1837-1903
9 (RLIN) 66448
700 1# - ENTRADA AGREGADA--NOMBRE PERSONAL
Nombre de persona Mélida y Alinari, Arturo,
Fechas asociadas al nombre 1849-1902
9 (RLIN) 79968
700 1# - ENTRADA AGREGADA--NOMBRE PERSONAL
Nombre de persona Simonet Lombardo, Enrique,
Fechas asociadas al nombre 1866-1927
9 (RLIN) 173468
700 1# - ENTRADA AGREGADA--NOMBRE PERSONAL
Nombre de persona Unceta, Marcelino de.
9 (RLIN) 111995
700 1# - ENTRADA AGREGADA--NOMBRE PERSONAL
Nombre de persona Vierge, Daniel (
Fechas asociadas al nombre 1851-1904)
9 (RLIN) 114593
700 1# - ENTRADA AGREGADA--NOMBRE PERSONAL
Nombre de persona Sala, Emilio,
Fechas asociadas al nombre 1850-1910
9 (RLIN) 173469
700 1# - ENTRADA AGREGADA--NOMBRE PERSONAL
Nombre de persona Pla, Cecilio.
9 (RLIN) 145631
700 1# - ENTRADA AGREGADA--NOMBRE PERSONAL
Nombre de persona Ferrant Fischermans, Alejandro,
Fechas asociadas al nombre 1843-1917
9 (RLIN) 173470
700 1# - ENTRADA AGREGADA--NOMBRE PERSONAL
Nombre de persona Sorolla, Joaquín,
Fechas asociadas al nombre 1863-1923
9 (RLIN) 107418
700 1# - ENTRADA AGREGADA--NOMBRE PERSONAL
Nombre de persona Delgado, Manuel Pedro.
9 (RLIN) 126741
852 ## - LOCALIZACIÓN
Ubicación ES-MaACL
Número de control de estantería R-2699-700
Encuadernación Olim:C-2465-66
856 ## - LOCALIZACIÓN Y ACCESO ELECTRÓNICOS
Identificador Uniforme de Recursos <a href="http://bdh-rd.bne.es/viewer.vm?id=0000203039&page=1 ">http://bdh-rd.bne.es/viewer.vm?id=0000203039&page=1 </a>
Nota pública Biblioteca Digital Hispánica
Holdings
Estatus retirado Estado de pérdida Estado de daño No para préstamo Colección Biblioteca de origen Biblioteca actual Ubicación en estantería Fecha de adquisición Fuente de adquisición Total de préstamos Signatura topográfica completa Código de barras Visto por última vez Precio de reemplazo Tipo de ítem Koha
        Colección digital Biblioteca del Ateneo de Madrid Biblioteca del Ateneo de Madrid Depósito 17/01/2008     R-2699-700 1135069 23/02/2023 23/02/2023 Libro impreso antiguo